| 000 | 00865cam a22002653a 4500 | ||
|---|---|---|---|
| 001 | 6775 | ||
| 003 | PGUSA | ||
| 005 | 20140828083136.0 | ||
| 008 | 041208s2004||||xxu|||||s|||||000 | eng d | ||
| 040 |
_aPGUSA _beng |
||
| 042 | _adc | ||
| 050 | 4 | _aD | |
| 100 | 1 |
_aSchiller, Friedrich, _d1759-1805 |
|
| 245 | 1 | 4 |
_aThe Thirty Years War — Complete _h[electronic resource] / _cFriedrich Schiller |
| 260 |
_bProject Gutenberg, _c2004 |
||
| 506 | _aPublic domain in the USA. | ||
| 516 | _aElectronic text | ||
| 653 | _aEurope -- History -- 1517-1648 | ||
| 653 | _aThirty Years' War, 1618-1648 | ||
| 653 | _aWallenstein, Albrecht Wenzel Eusebius von, Herzog von Friedland, 1583-1634 | ||
| 700 | 1 |
_aMorrison, A. J. W. _q(Alexander James William), _d1806-1865 |
|
| 830 | 0 |
_aProject Gutenberg _v6775 |
|
| 856 | 4 | 0 | _uhttp://www.gutenberg.org/ebooks/6775 |
| 942 | _cEB | ||
| 999 |
_c236095 _d236095 |
||